| 000 | 00364nam a2200145Ia 4500 | ||
|---|---|---|---|
| 008 | 210716s1991 xx 000 0 und d | ||
| 041 | _aeng | ||
| 082 | _a005.3001 STUR | ||
| 100 | _aStultz, Russell A;Stultz, Dianne. | ||
| 245 | _aIllustrated wordstar 6.0. | ||
| 250 | _a1 | ||
| 260 |
_aNew Delhi _bBPB Publications _c1991 |
||
| 300 | _aix,333 | ||
| 650 | _aNone | ||
| 999 |
_c182172 _d182172 |
||